Local control of land and forest : Cultural dimensions of resource management in Northern Thailand
List of contents: Cultural dimensions of development in Thailand; Land clearing and settlement in forest areas; Conflicts over the control of land and labor in commercial agriculture; Titling and local control of land tenure; Conflicting patterns of land tenure among ethnic groups in the highlands;...
Đã lưu trong:
| Hovedforfatter: | |
|---|---|
| Format: | Bog |
| Sprog: | Undetermined |
| Udgivet: |
Chiang Mai
Regional Center for Society Social Science and Sustainable Development
2000
|
| Fag: | |
| Tags: |
Tilføj Tag
Ingen Tags, Vær først til at tagge denne postø!
|
| Thư viện lưu trữ: | Trung tâm Học liệu Trường Đại học Cần Thơ |
|---|
| LEADER | 01120nam a2200229Ia 4500 | ||
|---|---|---|---|
| 001 | CTU_138813 | ||
| 008 | 210402s9999 xx 000 0 und d | ||
| 082 | |a 634.9 | ||
| 082 | |b G197 | ||
| 100 | |a Ganjanapan, Anan | ||
| 245 | 0 | |a Local control of land and forest : | |
| 245 | 0 | |b Cultural dimensions of resource management in Northern Thailand | |
| 245 | 0 | |c Anan Ganjanapan | |
| 260 | |a Chiang Mai | ||
| 260 | |b Regional Center for Society Social Science and Sustainable Development | ||
| 260 | |c 2000 | ||
| 520 | |a List of contents: Cultural dimensions of development in Thailand; Land clearing and settlement in forest areas; Conflicts over the control of land and labor in commercial agriculture; Titling and local control of land tenure; Conflicting patterns of land tenure among ethnic groups in the highlands; Local control and management of community forest; The local construction of rights in community forestry. | ||
| 650 | |a Forests and forestry,Soil science | ||
| 650 | |x Forestry | ||
| 650 | |z Thailand,Thailand | ||
| 904 | |i Bạch Trúc | ||
| 980 | |a Trung tâm Học liệu Trường Đại học Cần Thơ | ||